| 000 | 00789nam a22002417a 4500 | ||
|---|---|---|---|
| 999 |
_c20332 _d20332 |
||
| 003 | AR-CdUCM | ||
| 008 | 190528b ||||| |||| 00| 0 spa d | ||
| 040 |
_aMUNICIPALIDAD PROVINCIAL DEL CUSCO _cBIBLIOTECA MUNICIPAL DEL CUSCO |
||
| 041 | _hger | ||
| 082 |
_a809.940 / _bC95E _22ed. |
||
| 100 |
_aCurtius, Ernst Robert _917281 |
||
| 245 | _aEnsayos críticos sobre la literatura europea / | ||
| 260 |
_aBarcelona : _bSeix Barral, _c1972. |
||
| 300 |
_a541 páginas _c19 cm. |
||
| 505 | _aContenido: Virgilio -- Rudolf -- Goethe como critico... | ||
| 650 |
_aLiteratura europea _9894 |
||
| 650 |
_aHistoria y crítica _95993 |
||
| 650 |
_aEnsayos _9375 |
||
| 650 |
_aConferencias _9376 |
||
| 700 |
_aValentí, Eduardo (traductor) _942510 |
||
| 942 |
_2ddc _cLIBROS |
||
| 945 | _aJavier | ||